000 00381nam a2200145Ia 4500
008 230917s9999||||xx |||||||||||||| ||und||
040 _e97658
_aMAIN
041 _aEnglish
082 _a519.2 N191P
100 _aNatarajan, A M
245 0 _aProbability random process and queueing theoty
260 _aNew Delhi
_bNew Age International
_c2003
300 _a426 p.
942 _cBK
999 _c116335
_d116335